[Event "Agartala Dutta Memorial 3rd"]
[Site "Agartala"]
[Date "2023.11.02"]
[Round "3"]
[White "Ajay, Kumar Rai"]
[Black "Shreyas, Mishra"]
[Result "1-0"]
[WhiteElo "1806"]
[BlackElo "1357"]
[PlyCount "89"]
[EventDate "2023.11.01"]
[EventType "swiss"]
[EventRounds "10"]
[EventCountry "IND"]
[SourceTitle "CB46_2023"]
[SourceDate "2023.11.15"]
[SourceVersion "1"]
[SourceVersionDate "2023.11.15"]
[SourceQuality "1"]

1. d4 Nf6 2. Nf3 e6 3. e3 b6 4. Bd3 Bb7 5. 0-0 c5 6. c4 d5 7. Nc3 Nc6 8. cxd5 Nxd5 9. a3 cxd4 10. Nxd4 Nxd4 11. exd4 a6 12. Re1 Be7 13. Ne4 Nf6 14. Ng5 Qd5 15. Bf1 Rd8 16. Qe2 0-0 17. Be3 Ne4 18. Nh3 Bf6 19. Red1 g6 20. Rac1 Rc8 21. Nf4 Qd7 22. Rxc8 Rxc8 23. Qg4 Rd8 24. f3 Nd6 25. d5 e5 26. Nh5 Be7 27. Qxd7 Rxd7 28. Ng3 b5 29. Ne4 Nf5 30. Bc5 Bxc5+ 31. Nxc5 Rxd5 32. Rxd5 Bxd5 33. Nxa6 Nd4 34. Kf2 Kg7 35. Nb4 Bb3 36. Ke3 Nf5+ 37. Kd2 Nd4 38. Kc3 Be6 39. Na6 Bd7 40. Nc7 f5 41. Kb4 e4 42. Kc3 Ne6 43. Nxe6+ Bxe6 44. fxe4 fxe4 45. Bxb5 1-0